Joueurs ayant +70 sélections en Equipe de France de Football - Statistiques

Statistiques générales
  • Ce quiz a été pris 7 287 fois
    6 554 depuis la dernière actualisation
  • Le résultat moyen est 19 sur 30
Statistiques - réponses
Nombre de sélections Joueur Infos % Correct
145 Hugo Lloris Gardien, 2008-2022
99%
137 Antoine Griezmann Attaquant, 2014-2024
97%
137 Olivier Giroud Attaquant, 2011-2024
97%
96 Kylian Mbappé Attaquant, 2017-
94%
108 Zinédine Zidane Milieu, 1994-2006
93%
123 Thierry Henry Attaquant, 1997-2010
90%
91 Paul Pogba Milieu, 2013-2022
89%
93 Raphaël Varane Défenseur, 2013-2022
87%
97 Karim Benzema Attaquant, 2007-2022
85%
142 Lilian Thuram Défenseur, 1994-2008
83%
103 Didier Deschamps Milieu, 1989-2000
81%
87 Fabien Barthez Gardien, 1994-2006
81%
97 Laurent Blanc Défenseur, 1989-2000
78%
116 Marcel Desailly Défenseur, 1993-2004
73%
72 Michel Platini Milieu, 1976-1987
71%
84 Blaise Matuidi Milieu, 2010-2019
67%
97 Bixente Lizarazu Défenseur, 1992-2004
65%
71 David Trezeguet Attaquant, 1998-2008
65%
81 Franck Ribéry Milieu, 2006-2014
64%
107 Patrick Vieira Milieu, 1997-2009
63%
81 Patrice Evra Défenseur, 2004-2016
52%
71 Claude Makélélé Milieu, 1995-2008
46%
82 Youri Djorkaeff Milieu/Attaquant, 1993-2002
44%
79 Robert Pirès Milieu, 1996-2004
36%
92 Sylvain Wiltord Attaquant, 1999-2006
31%
71 Moussa Sissoko Milieu, 2009-2021
28%
84 William Gallas Défenseur, 2002-2010
27%
80 Florent Malouda Milieu, 2004-2010
24%
82 Manuel Amoros Défenseur, 1982-1992
13%
76 Maxime Bossis Défenseur, 1976-1987
9%
Aucun quiz correspondant
Distribution des résultats
% des personnes avec chaque résultat
Percentile par nombre de réponses
Votre historique - résultats
Vous n’avez pas pris ce quiz depuis la dernière actualisation